000
00284nam a22001337a 4500
008
170529b xxu||||| |||| 00| 0 eng d
020
_a
9781429246422
041
_a
eng
080
_2
6TH
_a
621.38
100
_a
27
101
_a
IM
245
_a
PHYSICS
_c
TIPLER,P.A
942
_2
udc
_c
BK
999
_c
14809
_d
14809